| 000 -LEADER |
| fixed length control field |
00362nam a2200109Ia 4500 |
| 008 - FIXED-LENGTH DATA ELEMENTS--GENERAL INFORMATION |
| fixed length control field |
200302s9999 xx 000 0 und d |
| 100 ## - MAIN ENTRY--PERSONAL NAME |
| Personal name |
Sanyogita Manu |
| 245 ## - TITLE STATEMENT |
| Title |
Exploring the Realm of Energy & Comfort in Interiors Experiments to Understand Thermal Efects |
| 260 ## - PUBLICATION, DISTRIBUTION, ETC. |
| Name of publisher, distributor, etc. |
Sid Research Cell School Interior design Publishing |
| 260 ## - PUBLICATION, DISTRIBUTION, ETC. |
| Date of publication, distribution, etc. |
2006 |
| 300 ## - PHYSICAL DESCRIPTION |
| Extent |
174 P., |